Handbook of mathematical tables and formulas.

Guardado en:
Autor Principal: Burington, Richard Stevens, 1901-
Formato: Libro
Idioma:English
Publicado: New York : McGraw-Hill, [c1973]
Edición:5th ed.
Materias:
Acceso en línea:Publisher description
Table of contents
Etiquetas: Agregar Etiqueta
Sin Etiquetas, Sea el primero en etiquetar este registro!
LEADER 00883cam a2200253 a 4500
001 MAT.inmabb006110
008 710128s1973####nyu######b####001#0#eng##
005 20160316122842.0
245 1 0 |a Handbook of mathematical tables and formulas. 
250 |a 5th ed. 
260 |a New York :  |b McGraw-Hill,  |c [c1973] 
300 |a x, 500 p. ;  |c 21 cm. 
504 |a Bibliografía: p. 460-461. 
510 4 |a MR,  |c 49 #10472 
020 |a 0070090157 
100 1 |a Burington, Richard Stevens,  |d 1901- 
740 |a Mathematical tables and formulas. 
650 0 |a Mathematics  |x Tables. 
084 |a 00A05 (65A05)  |2 msc2000 
010 |a  78039634  
040 |a DLC  |c DLC  |d DLC 
856 4 2 |3 Publisher description  |u http://www.loc.gov/catdir/description/mh022/78039634.html 
856 4 1 |3 Table of contents  |u http://www.loc.gov/catdir/toc/mh021/78039634.html 
859 |h 00A05  |i B958-5  |p A-6914  |b BIB. MATEMATICA